| 000 | 01775cam a2200385Ia 4500 | ||
|---|---|---|---|
| 001 | 6346038 | ||
| 005 | 20170105102855.0 | ||
| 008 | 071123s2007 enka b 000 0 eng | ||
| 015 |
_aGBA771461 _2bnb |
||
| 016 | 7 |
_a013834374 _2Uk |
|
| 020 | _a9781844671847 (pbk.) | ||
| 020 | _a1844671844 (pbk.) | ||
| 035 | _a(OCoLC)ocn154707527 | ||
| 035 | _a(NNC)6346038 | ||
| 040 |
_aUKM _cUKM _dBTCTA _dBAKER _dYDXCP _dMUB _dZQP _dVYF _dWIM _dSUC |
||
| 043 |
_an-us--- _aa-af--- |
||
| 082 | 0 | 4 |
_a958.1047 _222 |
| 090 |
_aDS371.412 _b.W37 2007 |
||
| 245 | 0 | 0 |
_aWar with no end / _cJohn Berger ... [et al.]. |
| 260 |
_aLondon : _bVerso, _c2007. |
||
| 263 | _a200710 | ||
| 300 |
_a167 p. : _bill. ; _c20 cm. |
||
| 500 | _aPublished in collaboration with the Stop the War Coalition and United for Peace and Justice. | ||
| 500 | _aIncludes bibliographical references. | ||
| 505 | 0 | 0 |
_gIntroductions / _rJudith le Blanc and Lindsey German -- _tThe global War on Terror: what it is, what it's done to the world / _rPhyllis Bennis -- _tCome September / _rArundhati Roy -- _tHuman shield / _rJohn Berger -- _tSongs of resistance / _rHaifa Zangana -- _tWeddings and beheadings / _rHanif Kureishi -- _tDown! Up! / _rJoe Sacco -- _tMezzaterra / _rAhdah Soueif -- _tHomeland wars / _rTram Nguyen -- _tNot in our names / _rSeptember 11th Families for Peaceful Tomorrows -- _tBuilding a booming economy based on war with no end: the lessons of Israel / _rNaomi Klein. |
| 650 | 0 |
_aAfghan War, 2001- _xCauses. |
|
| 650 | 0 |
_aAfghan War, 2001- _xInfluence. |
|
| 650 | 0 |
_aAfghan War, 2001- _vLiterary collections. |
|
| 700 | 1 | _aBerger, John. | |
| 710 | 2 | _aStop the War Coalition. | |
| 710 | 2 | _aUnited for Peace and Justice (Organization) | |
| 942 |
_2ddc _cBK |
||
| 948 | 1 |
_a20071211 _bc _cks26 _dMPS |
|
| 999 |
_c14438 _d14438 |
||